000 00552nam a22001937a 4500
005 20151105125143.0
010 _aPUN-7779
020 _a9789350179246X
_c130.00
035 _aPN-6897
037 _aunistar books
082 _a851
100 _aਵਿਰਕ,ਸਰਬਜੀਤ ਸਿੰਘ
245 _aਪ੍ਰਗੀਤ ਨਾਦ
246 _aParageet naad
_bby Sarabjit Singh Virk
250 _a2012
260 _aChandigarh
_bUnistar Books
300 _aPg.87
_b22cmਸਜਿਲਦ
942 _2ddc
_cPN
_h851
_kਵਿਰਕ
999 _c98098
_d98098